000 01275cam a2200313 a 4500
999 _c127968
_d127968
001 12583975
003 ARRUPE
005 20180424145000.0
008 011107s2001 nyua b 001 0 eng
010 _a 2001278777
020 _a0865274312 (pbk. : alk. paper)
040 _aDLC
_cDLC
043 _ae-gx---
050 0 0 _aDD76
_b.M65 2001
100 1 _aMosse, George L.
_q(George Lachmann),
_d1918-
_941608
245 1 4 _aThe nationalization of the masses :
_bpolitical symbolism and mass movements in Germany from the Napoleonic wars through the Third Reich /
_cGeorge L. Mosse.
260 _aNew York :
_bHoward. Fertig,
_c2001.
300 _a252 p. :
_bill. ;
_c22 cm.
490 0 _aCornell paperbacks
500 _aOriginally published: New York : H. Fertig, 1975.
504 _aIncludes bibliographical references (p. [219]-246) and index.
650 0 _aNationalism
_zGermany
_xHistory.
_941609
650 0 _aMass society.
_938196
650 0 _aNational characteristics, German.
_941610
651 0 _aGermany
_xPolitics and government
_y1789-1900.
_941611
651 0 _aGermany
_xPolitics and government
_y20th century.
_941612
906 _a7
_bcbc
_corigcop
_d2
_encip
_f20
_gy-gencatlg
942 _2lcc
_cMONOGRAPH